<?xml version="1.0" encoding="UTF-8"?><?xml-stylesheet type="text/xsl" href="static/style.xsl"?><OAI-PMH xmlns="http://www.openarchives.org/OAI/2.0/" xmlns:xsi="http://www.w3.org/2001/XMLSchema-instance" xsi:schemaLocation="http://www.openarchives.org/OAI/2.0/ http://www.openarchives.org/OAI/2.0/OAI-PMH.xsd"><responseDate>2026-04-14T03:46:14Z</responseDate><request verb="GetRecord" identifier="oai:www.recercat.cat:2445/166284" metadataPrefix="marc">https://recercat.cat/oai/request</request><GetRecord><record><header><identifier>oai:recercat.cat:2445/166284</identifier><datestamp>2025-11-20T14:16:00Z</datestamp><setSpec>com_2072_1057</setSpec><setSpec>col_2072_478856</setSpec><setSpec>col_2072_478917</setSpec></header><metadata><record xmlns="http://www.loc.gov/MARC21/slim" xmlns:dcterms="http://purl.org/dc/terms/" xmlns:xsi="http://www.w3.org/2001/XMLSchema-instance" xmlns:doc="http://www.lyncode.com/xoai" xsi:schemaLocation="http://www.loc.gov/MARC21/slim http://www.loc.gov/standards/marcxml/schema/MARC21slim.xsd">
   <leader>00925njm 22002777a 4500</leader>
   <datafield ind2=" " ind1=" " tag="042">
      <subfield code="a">dc</subfield>
   </datafield>
   <datafield ind2=" " ind1=" " tag="720">
      <subfield code="a">Blasco-Martel, Yolanda</subfield>
      <subfield code="e">author</subfield>
   </datafield>
   <datafield ind2=" " ind1=" " tag="260">
      <subfield code="c">2020-06-19T07:47:19Z</subfield>
   </datafield>
   <datafield ind2=" " ind1=" " tag="260">
      <subfield code="c">2020-06-19T07:47:19Z</subfield>
   </datafield>
   <datafield ind2=" " ind1=" " tag="260">
      <subfield code="c">2007</subfield>
   </datafield>
   <datafield ind2=" " ind1=" " tag="260">
      <subfield code="c">2020-06-19T07:47:19Z</subfield>
   </datafield>
   <datafield ind2=" " ind1=" " tag="520">
      <subfield code="a">[cat] Aquest treball relaciona l'aparició del Banc de Barcelona (un dels primers bancs comercials i d'emissió d'Espanya i, fins a 1920, quan va tancar portes, el més important de Catalunya) amb l'ímpetu adquirit pel comerç i els negocis després de la regència d'Espartero. S'hi estudien els primers moments de la seva història, els seus fundadors i les seves principals operacions. Després de les lleis de 1856 l'experiència dels bancs peoners com aquest va resultar la font d'inspiració per als nous que es van crear. La principal aportació d'aquest va ser l'extensió d'instruments financers (bitllets, comptes corrents, etc.) que van facilitar els negocis; això va ser un important estímul per a la modernització de les finances.</subfield>
   </datafield>
   <datafield ind2=" " ind1=" " tag="520">
      <subfield code="a">[eng] This paper relates the creation of the Bank of Barcelona (one of the earliest commercial and issuing banks in Spain and, until its demise in 1920, the most important in Catalonia) to the trade and business boom which followed Espartero's Regency in Catalonia. The paper examines the bank's early history, its founders, and its main operations. Following the introduction of a new set of laws in 1856, the experience of pioneer banks such as this was the main source of inspiration for the new ones. In its case, the principal contribution was the extension of financial instruments, such as bank notes and current accounts, which facilitated business transactions and proved an important incentive for financial modernization.</subfield>
   </datafield>
   <datafield tag="653" ind2=" " ind1=" ">
      <subfield code="a">Bancs</subfield>
   </datafield>
   <datafield tag="653" ind2=" " ind1=" ">
      <subfield code="a">Espanya</subfield>
   </datafield>
   <datafield tag="653" ind2=" " ind1=" ">
      <subfield code="a">Banks</subfield>
   </datafield>
   <datafield tag="653" ind2=" " ind1=" ">
      <subfield code="a">Spain</subfield>
   </datafield>
   <datafield tag="653" ind2=" " ind1=" ">
      <subfield code="a">Banco de Barcelona</subfield>
   </datafield>
   <datafield ind2="0" ind1="0" tag="245">
      <subfield code="a">El Banc de Barcelona i els orígens de la banca moderna a Espanya (1844-1856)</subfield>
   </datafield>
</record></metadata></record></GetRecord></OAI-PMH>